000 00591nam a2200217Ia 4500
001 4194
003 GE_BSU
008 181216s||||||||xx |||||||||||||| ||und||
040 _cGE_BSU
080 _a697.24
100 _aЛивчак И.Ф.
245 _aКвартирное отопление.
245 _cРед. С.И.Погудина.
250 _a2-е изд. перераб. и доп.
260 _aМ.
260 _bСтройиздат.
260 _c1982.
300 _a240 стр. с илл. 20 см.
653 _aКвартирное отопление.
942 _cBK
999 _c38204
_d38204